Países insulares conectados por proximidad - Estadísticas

Estadísticas generales
  • Esta prueba ha sido intentada 22 veces
    21 desde el último reinicio
  • La puntuación promedio es 32 de 48
Respuestas en el mapa
Las respuestas están codificadas por una escala verde-roja en el mapa de la prueba según el % correcto abajo.
 
Estadísticas de respuestas
# km País % Correcto
País inicial Islandia
100%
1728 km Chipre
94%
0 km Irlanda
94%
2621 km Malta
94%
784 km Reino Unido
94%
1921 km Baréin
72%
1500 km Indonesia
72%
3150 km Maldivas
72%
0 km (Frontera más larga) Papúa Nueva Guinea
72%
725 km Sri Lanka
72%
900 m Australia
67%
750 km Fiyi
67%
1,489 km Islas Salomón
67%
900 km Samoa
67%
1050 km Tuvalu
67%
150 km Vanuatu
67%
150 km Antigua y Barbuda
61%
55 km Bahamas
61%
3680 km Barbados
61%
2300 km Brunéi
61%
3660 km Cabo Verde
61%
350 km Comoras
61%
85 km Cuba
61%
440 km Dominica
61%
580 km Estados Federados de Micronesia
61%
840 km Filipinas
61%
10 km Granada
61%
0 km Haití
61%
600 km Islas Marshall
61%
440 km Jamaica
61%
115 km Japón
61%
340 km Kiribati
61%
900 km Madagascar
61%
9850 km Mauricio
61%
300 km Nauru
61%
5550 km Nueva Zelanda
61%
400 km Palaos
61%
600 km República Dominicana
61%
70 km San Cristóbal y Nieves
61%
150 km Santa Lucía
61%
4200 km Santo Tomé y Príncipe
61%
40 km San Vicente y las Granadinas
61%
250 km Seychelles
61%
1170 km Singapur
61%
100 km Taiwán
61%
2530 km Timor Oriental
61%
360 km Tonga
61%
130 km Trinidad y Tobago
61%
No se encontraron pruebas coincidentes
Distribución de puntuación
Porcentaje de gente con cada puntuación
Porcentaje por número respondido
Historial de tus puntuaciones
No has intentado esta prueba desde el último reinicio